States with an NFC Team - Statistics

General Stats
  • This quiz has been taken 28 times
  • The average score is 11 of 14
Answers on the Map
Answers color-coded by a green-red scale on the quiz's map according to % correct below.
 
Answer Stats
Answer % Correct
Texas
95%
California
90%
Washington
86%
Florida
81%
New York
81%
Arizona
76%
Georgia
76%
Illinois
76%
Wisconsin
76%
North Carolina
71%
Pennsylvania
71%
Louisiana
67%
Michigan
67%
Minnesota
67%
No matching quizzes found
Score Distribution
Percent of People with Each Score
Percentile by Number Answered
Your Score History
You have not taken this quiz